Bottom 20 countries in population - Statistics

General Stats
  • This quiz has been taken 13 times
  • The average score is 14 of 20
Answer Stats
Answer % Correct
Monaco
100%
Vatican
100%
Andorra
91%
Bahamas
91%
Liechtenstein
91%
Tuvalu
91%
Kiribati
82%
Nauru
82%
Palau
82%
Samoa
82%
San Marino
82%
Vanuatu
82%
Saint Lucia
73%
Grenada
64%
Seychelles
64%
Tonga
64%
Sao Tome and Principe
55%
Brunei
45%
Belize
27%
Iceland
0%
No matching quizzes found
Score Distribution
Percent of People with Each Score
Percentile by Number Answered
Your Score History
You have not taken this quiz